[Event "VIE-chT (Women)"]
[Site "Hanoi"]
[Date "2023.04.20"]
[Round "4"]
[White "Cao, Thi Thanh Han"]
[Black "Nguyen, Khanh Huyen"]
[Result "0-1"]
[WhiteElo "1965"]
[BlackElo "1957"]
[PlyCount "34"]
[EventDate "2023.04.18"]
[EventType "swiss"]
[EventRounds "9"]
[EventCountry "VIE"]
[SourceTitle "EXT 2024"]
[Source "ChessBase"]
[SourceDate "2023.10.10"]
[SourceVersion "1"]
[SourceVersionDate "2023.10.10"]
[SourceQuality "1"]

1. e4 e5 2. Bc4 Nf6 3. d3 Bc5 4. Nf3 Nc6 5. Nc3 d6 6. Ng5 d5 7. exd5 Nxd5 8. Qf3 Be6 9. Nxd5 0-0 10. Qe4 Qxg5 11. Bxg5 h6 12. Ne7+ Bxe7 13. Bxe7 Nxe7 14. 0-0 Bf5 15. Qxb7 Rac8 16. Qb4 Nc6 17. Qc5 Nd4 0-1